[Event "CAN-ch U08"]
[Site "Windsor"]
[Date "2016.07.07"]
[Round "4.114"]
[White "Vo, Phu"]
[Black "Atanasov, Anthony"]
[Result "0-1"]
[WhiteElo "1357"]
[BlackElo "1802"]
[PlyCount "92"]
[EventDate "2016.07.05"]
[EventType "swiss"]
[EventRounds "7"]
[EventCountry "CAN"]
[SourceTitle "EXT 2022"]
[Source "ChessBase"]
[SourceDate "2021.10.06"]
[SourceVersion "1"]
[SourceVersionDate "2021.10.06"]
[SourceQuality "1"]

1. f4 Nf6 2. Nf3 g6 3. e3 Bg7 4. Be2 0-0 5. 0-0 d5 6. Nc3 c5 7. d4 Ne4 8. Nxe4 dxe4 9. Ng5 cxd4 10. Nxe4 dxe3 11. Bxe3 Bxb2 12. Rb1 Bg7 13. Qxd8 Rxd8 14. Rfd1 Rxd1+ 15. Rxd1 Nc6 16. Bb5 Bg4 17. Rd2 a6 18. Bxc6 bxc6 19. h3 Bf5 20. Nc5 Bc3 21. Rd1 a5 22. Na4 Bg7 23. Nb6 Rb8 24. Nd7 Rb2 25. Bd4 Bxd4+ 26. Rxd4 Bxd7 27. Rxd7 Rxc2 28. Rxe7 Rxa2 29. Rc7 Rc2 30. Ra7 Rc4 31. Rxa5 Rxf4 32. Rc5 Rf6 33. Kh2 Rd6 34. Kg3 Kg7 35. Kf4 Kf6 36. g4 g5+ 37. Rxg5 Rd4+ 38. Ke3 Kxg5 39. Kxd4 Kh4 40. Ke5 Kxh3 41. g5 c5 42. Kf6 Kh4 43. Kxf7 Kxg5 44. Kg7 c4 45. Kxh7 c3 46. Kg7 c2 0-1